4th International Conference on Bangladesh genocide & justice : Dhaka 27 February, 1 March 2015 : conference proceedings /

Bibliographic Details
Corporate Authors: International Conference on Bangladesh Genocide and Justice Dhaka, Bangladesh, Liberation War Museum (Dhaka, Bangladesh)
Other Authors: Hoque, Mofidul (Editor), Ali, Ziauddin Tariq (Editor), Rahim, Naureen (Editor)
Format: Conference Proceeding Book
Language:English
Published: Dhaka, Bangladesh : Liberation War Museum, 2022.
Subjects:
Classic Catalogue: View this record in Classic Catalogue
LEADER 01990cam a22003617a 4500
001 45117
003 BD-DhAAL
005 20251124130804.0
008 251124t2022 bg a|||| |||| 00| 0 eng d
020 |a 9789849020769 
020 |a 9849020768 
040 |a BD-DhAAL  |c BD-DhAAL 
082 1 4 |a 345.54920235  |2 23 
111 |a International Conference on Bangladesh Genocide and Justice  |d (2015 :  |c Dhaka, Bangladesh)  |9 59886 
245 |a 4th International Conference on Bangladesh genocide & justice :  |b Dhaka 27 February, 1 March 2015 : conference proceedings /  |c editors, Mofidul Hoque, Ziauddin Tariq Ali, Naureen Rahim. 
246 3 0 |a 4th international conference on Bangladesh genocide and justice 
260 |a Dhaka, Bangladesh :  |b Liberation War Museum,  |c 2022. 
300 |a 224 pages :  |b illustrations ;  |c 24 cm 
504 |a Includes bibliographical references. 
541 |a Complimentary copy from Professor Afsan Chowdhury, Department of English and Humanities, BRAC University  |e 45117 
650 0 |a War crime trials  |z Bangladesh.  |9 59882 
650 0 |a Genocide  |x Law and legislation  |z Bangladesh.  |9 59883 
650 0 |a Trials (Genocide)  |z Bangladesh  |v Congresses.  |9 59884 
651 0 |a Bangladesh  |x History  |y Revolution, 1971  |x Atrocities. 
655 7 |a Conference papers and proceedings.  |2 lcgft 
700 1 |a Hoque, Mofidul,  |e editor.  |9 59875 
700 1 |a Ali, Ziauddin Tariq,  |e editor.  |9 59885 
700 1 |a Rahim, Naureen,  |e editor.  |9 59876 
710 2 |a Liberation War Museum (Dhaka, Bangladesh)  |9 59881 
852 |a Ayesha Abed Library  |c Liberation War Corner 
942 |2 ddc  |c BK 
999 |c 47651  |d 47651 
952 |0 0  |1 0  |2 ddc  |4 0  |6 345_549202350000000_FOU  |7 0  |9 78536  |a BRACUL  |b BRACUL  |c BNC  |d 2025-11-24  |e Complimentary copy from Professor Afsan Chowdhury, Department of English and Humanities, BRAC University  |g 500.00  |l 0  |o 345.54920235 FOU  |p 3010045117  |r 2025-11-24  |t 1  |v 1000.00  |w 2025-11-24  |y BK  |x Complimentary copy from Professor Afsan Chowdhury, Department of English and Humanities, BRAC University